<?xml version="1.0" encoding="UTF-8"?>
<record
    xmlns:xsi="http://www.w3.org/2001/XMLSchema-instance"
    xsi:schemaLocation="http://www.loc.gov/MARC21/slim http://www.loc.gov/standards/marcxml/schema/MARC21slim.xsd"
    xmlns="http://www.loc.gov/MARC21/slim">

  <leader>01110nam a2200253Ia 4500</leader>
  <controlfield tag="003">IN-BaIIA</controlfield>
  <controlfield tag="008">211028s9999    xx            000 0 eng d</controlfield>
  <datafield tag="020" ind1=" " ind2=" ">
    <subfield code="a">1-58381-215-6</subfield>
  </datafield>
  <datafield tag="040" ind1=" " ind2=" ">
    <subfield code="c">IIA Library</subfield>
  </datafield>
  <datafield tag="080" ind1=" " ind2=" ">
    <subfield code="a">082.2:52</subfield>
    <subfield code="b">ASP-347</subfield>
  </datafield>
  <datafield tag="111" ind1=" " ind2=" ">
    <subfield code="a">Conference on Astronomical Data Analysis Software and Systems</subfield>
    <subfield code="c">USA</subfield>
    <subfield code="d">2004 Oct. 24-27</subfield>
    <subfield code="9">30800</subfield>
  </datafield>
  <datafield tag="245" ind1=" " ind2="0">
    <subfield code="a">Astronomical data analysis software and systems</subfield>
    <subfield code="b">XIV, proceedings of a conference held in California, USA, 24-27 Oct 2004</subfield>
    <subfield code="c">edited by P. L. Shopbell, M. C. Britton and Rick Ebert                                               </subfield>
  </datafield>
  <datafield tag="260" ind1=" " ind2=" ">
    <subfield code="a">San Francisco</subfield>
    <subfield code="b">Astronomical Society of the Pacific</subfield>
    <subfield code="c">2005</subfield>
  </datafield>
  <datafield tag="300" ind1=" " ind2=" ">
    <subfield code="a">xxxv, 709p.</subfield>
  </datafield>
  <datafield tag="490" ind1=" " ind2=" ">
    <subfield code="a">ASP conference series; v. 347</subfield>
  </datafield>
  <datafield tag="650" ind1=" " ind2=" ">
    <subfield code="a">Astronomy - computer network resources</subfield>
    <subfield code="9">30801</subfield>
  </datafield>
  <datafield tag="650" ind1=" " ind2=" ">
    <subfield code="a">Data mining - congresses</subfield>
    <subfield code="9">30802</subfield>
  </datafield>
  <datafield tag="650" ind1=" " ind2=" ">
    <subfield code="a">Imaging systems in astronomy - data processing</subfield>
    <subfield code="9">25293</subfield>
  </datafield>
  <datafield tag="650" ind1=" " ind2=" ">
    <subfield code="a">Retrieval system - congresses</subfield>
    <subfield code="9">30803</subfield>
  </datafield>
  <datafield tag="700" ind1=" " ind2=" ">
    <subfield code="a">Britton, M. C., ed.</subfield>
    <subfield code="9">30804</subfield>
  </datafield>
  <datafield tag="700" ind1=" " ind2=" ">
    <subfield code="a">Ebert, Rick., ed.</subfield>
    <subfield code="9">30805</subfield>
  </datafield>
  <datafield tag="710" ind1=" " ind2=" ">
    <subfield code="a">Astronomical Society of the Pacific</subfield>
    <subfield code="9">1154</subfield>
  </datafield>
  <datafield tag="942" ind1=" " ind2=" ">
    <subfield code="c">BK</subfield>
  </datafield>
  <datafield tag="999" ind1=" " ind2=" ">
    <subfield code="c">16574</subfield>
    <subfield code="d">16574</subfield>
  </datafield>
  <datafield tag="952" ind1=" " ind2=" ">
    <subfield code="0">0</subfield>
    <subfield code="1">0</subfield>
    <subfield code="4">0</subfield>
    <subfield code="7">0</subfield>
    <subfield code="a">BAN</subfield>
    <subfield code="b">BAN</subfield>
    <subfield code="c">GEN</subfield>
    <subfield code="d">2007-08-17</subfield>
    <subfield code="e">ASP   </subfield>
    <subfield code="g">3107.72</subfield>
    <subfield code="l">0</subfield>
    <subfield code="o">082.2:52/ ASP-347</subfield>
    <subfield code="p">17496</subfield>
    <subfield code="r">2021-11-05</subfield>
    <subfield code="v">3107.72</subfield>
    <subfield code="w">2007-08-17</subfield>
    <subfield code="y">BK</subfield>
    <subfield code="G">Rs. 3107.72</subfield>
  </datafield>
</record>
